Míos, tuyos y nuestros
Es una comedia romántica de 2005, y un remake de una película del mismo nombre de 1968. -- Este film trata sobre una pareja que se enamora en la secundaria pero cuyos caminos se separan. Ambos siguen sus vidas, maduran y se casan para luego enviudar. Al encontrarse ya adultos, resurge su amor, sin e...
Guardado en:
| Autor Principal: | |
|---|---|
| Autor Corporativo: | |
| Otros Autores: | , , , , |
| Formato: | |
| Idioma: | Undetermined |
| Publicado: |
Estados Unidos :
Paramount Pictures,
2005.
|
| Materias: | |
| Etiquetas: |
Agregar Etiqueta
Sin Etiquetas, Sea el primero en etiquetar este registro!
|
| LEADER | 01679ngm a22002655a 4500 | ||
|---|---|---|---|
| 001 | CEM.cems020262 | ||
| 008 | 230712s2005####xx#---############vlund#d | ||
| 005 | 20230712210123.0 | ||
| 245 | 1 | 0 | |a Míos, tuyos y nuestros |h [videograbación] / |c Raja Gosnell. |
| 260 | |a Estados Unidos : |b Paramount Pictures, |c 2005. | ||
| 300 | |a 90'. | ||
| 520 | |a Es una comedia romántica de 2005, y un remake de una película del mismo nombre de 1968. -- Este film trata sobre una pareja que se enamora en la secundaria pero cuyos caminos se separan. Ambos siguen sus vidas, maduran y se casan para luego enviudar. Al encontrarse ya adultos, resurge su amor, sin embargo, deberán sortear un escollo muy difícil: Helen tiene 10 hijos (4 biológicos y 6 adoptados) y él otros 8. Conseguir una casa para todos no será fácil y mucho menos organizarse. Las resistencias de algunos de los chicos para aceptar la nueva unión más los conflictos que irán surgiendo en este nuevo hogar "superpoblado" dan marco a esta historia en la que se desarrollarán no pocas aventuras y desventuras. Una película para toda la familia. | ||
| 590 | |a Identificación anterior: 94 | ||
| 538 | |a Soporte: DVD -- Formato: DVD Peso: 4.17gb -- Resolución: 720 x 480 -- 29.97 fps | ||
| 500 | |a Título original: Yours, Mine & Ours. | ||
| 100 | 1 | |a Gosnell, Raja. | |
| 700 | 1 | |a Shavelson, Melville; Guion. | |
| 700 | 1 | |a Quaid, Dennis; Reparto. | |
| 700 | 1 | |a Russo, Rene; Reparto. | |
| 700 | 1 | |a Torn, Rip; Reparto. | |
| 700 | 1 | |a Hunt, Linda; Reparto. | |
| 710 | 2 | |a Nickelodeon Movies. | |
| 653 | |a LARGOMETRAJE | ||
| 653 | |a FICCIÓN | ||
| 859 | |a CEMS |b BIB. CEMS - Depto. Recursos Didacticos |h 778.5 |i GOS |k DRD |p 3050.23 |t Ej.1 | ||
